Składy z finału Ligi Mistrzów 2024/25 - Statystyki

Ogólne statystyki
  • Ten quiz został rozwiązany 95 razy
  • Średni wynik to 21 z 34
Statystyki odpowiedzi
Drużyna Zawodnik % Poprawnych
PSG Gianluigi Donnarumma
98%
Désiré Doué
93%
Ousmane Dembélé
92%
Achraf Hakimi
87%
PSG trener Luis Enrique
87%
Willian Pacho
83%
Inter Lautaro Martínez
82%
Nuno Mendes
82%
Vitinha
80%
Marquinhos
78%
Yann Sommer
78%
Alessandro Bastoni
77%
Bradley Barcola
77%
João Neves
77%
Francesco Acerbi
75%
Federico Dimarco
73%
Marcus Thuram
70%
Nicolo Barella
68%
Hakan Çalhanoğlu
65%
Fabián Ruiz
63%
Inter trener Simone Inzaghi
63%
Denzel Dumfries
57%
Nicola Zalewski
53%
Senny Mayulu
42%
Warren Zaïre-Emery
42%
Henrikh Mkhitaryan
40%
Gonçalo Ramos
38%
Yann Aurel Bisseck
37%
Benjamin Pavard
27%
Matteo Darmian
27%
Lucas Hernández
23%
Carlos Augusto
20%
Chwicza Kwaracchelia
15%
Kristjan Asllani
12%
Nie znaleziono quizów pasujących do podanych kryteriów
Rozkład punktacji
Procent ludzi z każdym wynikiem
Percentyl według liczby udzielonych odpowiedzi
Twoja historia wyników
Nie rozwiązałeś tego quizu